00991nam a2200253 a 450000100060000000300090000600800410001502000180005604000280007404100080010208200170011010000350012724502210016225000110038326000750039430000110046949000250048050000210050560000540052665000440058065000370062465000360066165000400069725710CO-ViMGA141112s2004 ck r 000 u spa d a9789588181899 aCO-ViMGAbspacCO-ViMGA aSPA04a986.102 C61m1 aCobo Betancourt, Juan Fernando10aMestizos heraldos de Dios : bla ordenación de sacerdotes descendientes de españoles e indígenas en el Nuevo Reino de Granada y la racialización de la diferencia, 1573 - 1590 / cJuan Fernando Cobo Betancourt a1a ed. aBogotá : bInstituto Colombiano de Antropología e Historia, c2013 a153 p. aCuadernos Coloniales aIncluye índice aZAPATA DE CARDENAS, LUIS, O.F.M., ca. 1515 - 159014aEVÁngelIZACION - HISTORIA - COLOMBIA 14aMESTIZAJE - HISTORIA - COLOMBIA 14aMISIONES - HISTORIA - COLOMBIA 14aSACERDOTES - COLOMBIA - 1573 - 1590